Paul et Virgine. Extraits

Đã lưu trong:
Chi tiết về thư mục
Tác giả chính: Saint-Pierre, Bernardin de
Định dạng: Sách
Ngôn ngữ:Undetermined
Được phát hành: París, Francia Larousse 1934
Những chủ đề:
Các nhãn: Thêm thẻ
Không có thẻ, Là người đầu tiên thẻ bản ghi này!

MARC

LEADER 00000nam a2200000Ia 4500
008 170316s9999 xx 000 0 und d
040 |a cru BVZT 
090 |a 840 S-5p 
100 |a Saint-Pierre, Bernardin de 
245 |a Paul et Virgine. Extraits 
260 |a París, Francia 
260 |b Larousse 
260 |c 1934 
300 |a 97 páginas 
650 |a LITERATURA FRANCESA 
942 0 0 |0 1 
999 |c 8014  |d 8014